[Event "Rennes op 2nd"]
[Site "Rennes"]
[Date "2009.07.15"]
[Round "1"]
[White "Sin, Rany"]
[Black "Tounsi, Toufik"]
[Result "0-1"]
[WhiteElo "1499"]
[BlackElo "1690"]
[PlyCount "78"]
[EventDate "2009.07.15"]
[EventType "swiss"]
[EventRounds "9"]
[EventCountry "FRA"]
[SourceTitle "EXT 2011"]
[Source "ChessBase"]
[SourceDate "2010.11.26"]
[SourceVersion "1"]
[SourceVersionDate "2010.11.26"]
[SourceQuality "1"]

1. d4 Nf6 2. e3 e6 3. b3 d5 4. Bb2 c5 5. g3 Nc6 6. Nf3 cxd4 7. Bxd4 Bd6 8. Bg2 e5 9. Bb2 Bg4 10. Nbd2 e4 11. Qe2 exf3 12. Bxf3 Bxf3 13. Qxf3 Be5 14. c3 Nb4 15. Qf5 Qe7 16. a3 Nc6 17. 0-0 0-0 18. f4 Bc7 19. Rae1 Rad8 20. Nf3 Qe6 21. Qd3 h6 22. c4 dxc4 23. Qc3 Rd3 24. Qc1 Bb6 25. Bd4 Nxd4 26. exd4 Qd6 27. Qxc4 Bxd4+ 28. Kh1 Bb6 29. Ne5 Rd2 30. Nf3 Rf2 31. Rxf2 Bxf2 32. Re2 Qd1+ 33. Kg2 Bb6 34. a4 Ng4 35. Qc1 Qxe2+ 36. Kh3 Nf2+ 37. Kh4 Bd8+ 38. Kh5 Ne4 39. Kg4 Nc3 0-1